[Event "RUS-ch Rapid Men 2018"]
[Site "Sochi"]
[Date "2018.10.05"]
[Round "4"]
[White "Triapishko, Alexandr"]
[Black "Lysyj, Igor"]
[Result "1/2-1/2"]
[WhiteElo "2508"]
[BlackElo "2631"]
[Annotator "TA"]
[PlyCount "78"]
[EventDate "2018.10.05"]
[EventType "swiss"]
[EventCountry "RUS"]
[SourceTitle "playchess.com"]
[Source "ChessBase"]
[SourceQuality "1"]

{[%evp 20,78,12,10,23,14,11,0,9,0,0,0,0,0,0,-20,0,-12,0,0,0,0,0,0,0,0,0,0,0,4,9,0,0,0,0,0,0,0,0,0,0,0,0,0,0,0,0,0,0,0,0,0,0,0,0,0,0,0,0,0,0]} 1. e4 e5 2. Nf3 Nc6 3. Bb5 Nf6 4. O-O Nxe4 5. Re1 Nd6 6. Nxe5 Be7 7. Bf1 Nxe5 8. Rxe5 O-O 9. d4 Ne8 {C67: Ruy Lopez: Berlin Defence: 4 0-0 Nxe4} (9... Bf6 10. Re1 Nf5 11. d5 Re8 12. Rxe8+ Qxe8 13. Qd3 d6 14. Nd2 Bg5 15. Nf3 Bxc1 16. Rxc1 Bd7 17. Re1 Qd8 18. Qc4 {1-0 (31) Carlsen,M (2843)-Aronian,L (2764) Stavanger 2018}) 10. c3 d6 11. Re1 {LiveBook: 3 Games} d5 $146 ({Predecessor:} 11... Nf6 12. Bg5 Nd5 13. Bxe7 Nxe7 14. Bd3 Ng6 15. g3 b6 16. Qh5 Bb7 17. Nd2 {½-½ (47) Manik,M (2415)-Kjartansson,G (2468) Ordu 2017}) 12. Bd3 c6 {The position is equal.} 13. Bf4 Bd6 14. Bxd6 (14. Be5 {keeps more tension.} g6 15. Nd2 Ng7 16. Qf3 Bxe5 17. Rxe5 Re8 18. Rxe8+ Qxe8 19. Kf1) 14... Nxd6 15. Nd2 Bf5 16. Bxf5 Nxf5 17. Qb3 Qb6 18. a4 Qxb3 19. Nxb3 a5 20. Nc5 b6 21. Nd3 Rfe8 22. f3 f6 23. Kf2 Kf7 24. g4 {[#] Black must now prevent Rxe8.} Nd6 25. b3 Rxe1 26. Rxe1 $11 {[%mdl 4096] Endgame KRN-KRN} Rh8 27. g5 Nf5 28. gxf6 gxf6 29. Nf4 Rd8 30. Re6 Rd6 31. Rxd6 Nxd6 {KN-KN} 32. Ke2 Nf5 33. Kf2 Ke7 34. Ke2 Kd6 35. Nh5 Ke6 36. Nf4+ Ke7 37. Kd3 Nh4 38. Ke3 Nf5+ 39. Kd3 Nh4 {Precision: White = 67%, Black = 89%.} 1/2-1/2

[Event "RUS-ch Rapid Men 2018"]
[Site "Sochi"]
[Date "2018.10.05"]
[Round "4"]
[White "Krylov, Mikhail"]
[Black "Stambulian, Arsen"]
[Result "1-0"]
[WhiteElo "2476"]
[BlackElo "2339"]
[Annotator "ChessBase"]
[PlyCount "59"]
[EventDate "2018.10.05"]
[EventType "swiss"]
[EventCountry "RUS"]
[SourceTitle "playchess.com"]
[Source "ChessBase"]
[SourceQuality "1"]
[TimeControl "900+10"]

1. d4 {[%emt 0:00:00]} Nf6 {[%emt 0:00:00]} 2. c4 {[%emt 0:00:00]} g6 {[%emt 0:00:00]} 3. Nc3 {[%emt 0:00:00]} d5 {[%emt 0:00:00]} 4. cxd5 {[%emt 0:00:01]} Nxd5 {[%emt 0:00:00]} 5. e4 {[%emt 0:00:03]} Nxc3 {[%emt 0:00:00]} 6. bxc3 {[%emt 0:00:01]} Bg7 {[%emt 0:00:01]} 7. Nf3 {[%emt 0:00:06]} c5 {[%emt 0:00:01]} 8. Rb1 {[%emt 0:00:02]} O-O {[%emt 0:00:04]} 9. Be2 {[%emt 0:00:03]} b6 {[%emt 0:00:02]} 10. O-O {[%emt 0:00:39]} Bb7 {[%emt 0:00:04]} 11. Qd3 {[%emt 0:00:31]} Qd7 {[%emt 0:00:37]} 12. d5 {[%emt 0:00:39]} e6 {[%emt 0:02:19]} 13. c4 {[%emt 0:00:18]} Na6 {[%emt 0:00:53]} 14. Bb2 {[%emt 0:00:37]} exd5 {[%emt 0:00:44]} 15. Bxg7 {[%emt 0:01:21]} Kxg7 {[%emt 0:00:06]} 16. cxd5 {[%emt 0:01:05]} Kg8 {[%emt 0:02:17]} 17. Ne5 {[%emt 0:01:46]} Qe7 {[%emt 0:00:31]} 18. f4 {[%emt 0:00:40]} Rad8 {[%emt 0:01:06]} 19. Bf3 {[%emt 0:02:17]} Nb4 {[%emt 0:01:10]} 20. Qb3 {[%emt 0:00:16]} Kg7 {[%emt 0:00:39]} 21. a3 {[%emt 0:00:21]} Na6 {[%emt 0:00:22]} 22. Rbd1 {[%emt 0:00:58]} Nb8 {[%emt 0:00:28]} 23. Nc4 {[%emt 0:00:21]} Ba6 {[%emt 0:01:52]} 24. e5 {[%emt 0:00:34]} b5 {[%emt 0:00:09]} 25. Nd2 {[%emt 0:01:00]} b4 {[%emt 0:01:05]} 26. Rfe1 {[%emt 0:00:47]} c4 {[%emt 0:00:21]} 27. Qxb4 {[%emt 0:01:14]} Qxb4 {[%emt 0:01:33]} 28. axb4 {[%emt 0:00:02]} Rc8 {[%emt 0:00:01]} 29. Ne4 {[%emt 0:00:15]} Nd7 {[%emt 0:00:16]} 30. Ra1 {[%emt 0:00:06]} 1-0

[Event "RUS-ch Rapid Men 2018"]
[Site "Sochi"]
[Date "2018.10.05"]
[Round "4"]
[White "Kezin, Roman"]
[Black "Rozum, Ivan"]
[Result "1-0"]
[WhiteElo "2471"]
[BlackElo "2573"]
[Annotator "RC"]
[PlyCount "105"]
[EventDate "2018.10.05"]
[EventType "swiss"]
[EventCountry "RUS"]
[SourceTitle "playchess.com"]
[Source "ChessBase"]
[SourceQuality "1"]
[TimeControl "900+10"]

1. d4 {[%emt 0:00:00]} Nf6 {[%emt 0:00:00]} 2. c4 {[%emt 0:00:00]} e6 {[%emt 0:00:00]} 3. g3 {[%emt 0:00:00]} d5 {[%emt 0:00:12]} 4. Bg2 {[%emt 0:00:00]} Bb4+ {[%emt 0:00:02]} 5. Bd2 {[%emt 0:00:11]} Bd6 {[%emt 0:00:02]} 6. Nf3 {[%emt 0:00:47]} c6 {[%emt 0:00:12]} 7. O-O {[%emt 0:00:09]} Nbd7 {[%emt 0:00:07]} 8. b3 {[%emt 0:00:52]} Ne4 {[%emt 0:00:02]} 9. Nc3 {[%emt 0:00:06]} Nxd2 {[%emt 0:00:05]} 10. Qxd2 {[%emt 0:00:32]} O-O {[%emt 0:00:10]} 11. c5 {[%emt 0:01:16]} Bc7 {[%emt 0:00:10]} 12. e4 Ba5 {[%emt 0:02:27]} 13. exd5 {[%emt 0:02:55]} exd5 {[%emt 0:00:02]} 14. a3 {[%emt 0:00:31]} Nf6 {[%emt 0:00:08]} 15. b4 {[%emt 0:00:02]} Bc7 {[%emt 0:00:01]} 16. Qd3 {[%emt 0:01:57]} g6 {[%emt 0:00:54]} 17. Rfe1 {[%emt 0:01:53]} Bf5 {[%emt 0:00:05]} 18. Qd2 {[%emt 0:02:59]} Be4 {[%emt 0:02:20]} 19. Nxe4 {[%emt 0:00:46]} Nxe4 {[%emt 0:00:29]} 20. Qd3 {[%emt 0:00:05]} Re8 {[%emt 0:01:58]} 21. Nd2 {[%emt 0:01:41]} f5 {[%emt 0:00:03]} 22. Re2 {[%emt 0:00:20]} Qf6 {[%emt 0:00:58]} 23. Rae1 {[%emt 0:00:20]} Kf8 {[%emt 0:01:40]} 24. Nf3 {[%emt 0:01:08]} Re7 {[%emt 0:01:12]} 25. Ne5 {[%emt 0:00:19]} Bxe5 {[%emt 0:02:02]} 26. dxe5 {[%emt 0:00:05]} Qg7 {[%emt 0:00:07]} 27. f3 {[%emt 0:00:24]} Ng5 {[%emt 0:00:03]} 28. f4 {[%emt 0:00:11]} Ne6 {[%emt 0:00:10]} 29. Rc1 {[%emt 0:00:05]} a6 {[%emt 0:00:06]} 30. h3 {[%emt 0:00:09]} Kg8 {[%emt 0:00:04]} 31. a4 {[%emt 0:00:07]} Rf7 {[%emt 0:00:13]} 32. Rf2 {[%emt 0:00:05]} Raf8 {[%emt 0:00:10]} 33. h4 {[%emt 0:00:21]} h6 {[%emt 0:00:09]} 34. Bf3 {[%emt 0:00:08]} g5 {[%emt 0:00:28]} 35. Bh5 {[%emt 0:00:07]} Re7 {[%emt 0:00:00]} 36. fxg5 {[%emt 0:00:17]} hxg5 {[%emt 0:00:02]} 37. Rxf5 {[%emt 0:00:07]} gxh4 {[%emt 0:00:52]} 38. g4 {[%emt 0:00:13]} Nf4 {[%emt 0:00:43]} 39. Rxf8+ {[%emt 0:00:01]} Qxf8 {[%emt 0:00:02]} 40. Qe3 {[%emt 0:00:13]} Qh6 {[%emt 0:01:03]} 41. Rf1 {[%emt 0:00:12]} Nh3+ {[%emt 0:01:11]} 42. Qxh3 {[%emt 0:00:02]} Rxe5 {[%emt 0:00:01]} 43. Qxh4 {[%emt 0:00:10]} Qe3+ {[%emt 0:00:05]} 44. Kh2 {[%emt 0:00:22]} Rg5 {[%emt 0:00:43]} 45. Qg3 {[%emt 0:00:10]} Re5 {[%emt 0:00:29]} 46. Qxe3 {[%emt 0:00:09]} Rxe3 {[%emt 0:00:01]} 47. Rf7 {[%emt 0:00:04]} a5 {[%emt 0:00:17]} 48. bxa5 {[%emt 0:00:12]} Rb3 {[%emt 0:00:11]} 49. Rc7 {[%emt 0:00:08]} Rb2+ {[%emt 0:00:22]} 50. Kg3 {[%emt 0:00:01]} d4 {[%emt 0:00:01]} 51. a6 {[%emt 0:00:06]} bxa6 {[%emt 0:00:01]} 52. Rxc6 {[%emt 0:00:01]} d3 {[%emt 0:00:03]} 53. Rxa6 {[%emt 0:00:11]} 1-0

[Event "RUS-ch Rapid Men 2018"]
[Site "Sochi"]
[Date "2018.10.05"]
[Round "4"]
[White "Belyakov, Bogdan"]
[Black "Sakaev, Konstantin"]
[Result "1/2-1/2"]
[WhiteElo "2458"]
[BlackElo "2584"]
[Annotator "ChessBase"]
[PlyCount "70"]
[EventDate "2018.10.05"]
[EventType "swiss"]
[EventCountry "RUS"]
[SourceTitle "playchess.com"]
[Source "ChessBase"]
[SourceQuality "1"]
[TimeControl "900+10"]

1. e4 {[%emt 0:00:00]} c5 {[%emt 0:00:00]} 2. c3 {[%emt 0:00:00]} d5 {[%emt 0:00:00]} 3. exd5 {[%emt 0:00:00]} Qxd5 {[%emt 0:00:00]} 4. d4 {[%emt 0:00:00]} Nc6 {[%emt 0:00:10]} 5. Nf3 {[%emt 0:00:01]} Bf5 {[%emt 0:00:02]} 6. Be2 {[%emt 0:00:10]} cxd4 {[%emt 0:01:15]} 7. Nxd4 {[%emt 0:00:04]} O-O-O {[%emt 0:02:36]} 8. O-O {[%emt 0:02:54]} Nf6 {[%emt 0:00:07]} 9. Nxf5 {[%emt 0:00:55]} Qxf5 {[%emt 0:00:02]} 10. Qa4 {[%emt 0:00:02]} Qe4 {[%emt 0:01:04]} 11. Qxe4 {[%emt 0:00:31]} Nxe4 {[%emt 0:00:02]} 12. Bf3 {[%emt 0:00:07]} Nf6 {[%emt 0:00:10]} 13. Re1 {[%emt 0:01:38]} e6 {[%emt 0:00:11]} 14. Nd2 {[%emt 0:00:02]} Nd5 {[%emt 0:01:36]} 15. Nc4 {[%emt 0:00:07]} Be7 {[%emt 0:00:01]} 16. Kf1 {[%emt 0:00:18]} Bf6 {[%emt 0:00:45]} 17. a4 {[%emt 0:00:29]} Rd7 {[%emt 0:00:49]} 18. a5 {[%emt 0:00:07]} Rhd8 {[%emt 0:00:26]} 19. a6 {[%emt 0:00:02]} b6 {[%emt 0:01:41]} 20. Ne3 {[%emt 0:02:02]} Nce7 {[%emt 0:02:56]} 21. Nxd5 {[%emt 0:00:05]} Nxd5 {[%emt 0:00:03]} 22. Ra4 {[%emt 0:00:19]} Kb8 {[%emt 0:00:53]} 23. h4 {[%emt 0:02:21]} Be7 {[%emt 0:01:13]} 24. h5 {[%emt 0:00:13]} Rc7 {[%emt 0:01:19]} 25. g3 {[%emt 0:02:09]} h6 {[%emt 0:00:18]} 26. Rg4 {[%emt 0:00:34]} Bf6 {[%emt 0:00:38]} 27. Ra4 {[%emt 0:01:00]} Rc5 {[%emt 0:00:19]} 28. Rd1 {[%emt 0:00:23]} Kc7 {[%emt 0:00:38]} 29. c4 {[%emt 0:00:53]} b5 {[%emt 0:00:16]} 30. cxd5 {[%emt 0:00:51]} bxa4 {[%emt 0:00:02]} 31. Bf4+ {[%emt 0:00:39]} Kb6 {[%emt 0:00:01]} 32. Ra1 {[%emt 0:00:27]} Bxb2 {[%emt 0:00:14]} 33. Rxa4 {[%emt 0:00:01]} exd5 {[%emt 0:00:03]} 34. Rb4+ {[%emt 0:00:23]} Rb5 {[%emt 0:00:02]} 35. Bc7+ {[%emt 0:00:02]} Kxc7 {[%emt 0:00:07]} 1/2-1/2

[Event "RUS-ch Rapid Men 2018"]
[Site "Sochi"]
[Date "2018.10.05"]
[Round "4"]
[White "Drygalov, Sergey"]
[Black "Timofeev, Artyom"]
[Result "1/2-1/2"]
[WhiteElo "2446"]
[BlackElo "2580"]
[Annotator "TA"]
[PlyCount "145"]
[EventDate "2018.10.05"]
[EventType "swiss"]
[EventCountry "RUS"]
[SourceTitle "playchess.com"]
[Source "ChessBase"]
[SourceQuality "1"]

{[%evp 21,145,12,15,-27,-37,-68,-74,-55,-68,-83,-60,-54,-39,-73,-72,-61,-36,-38,-45,-42,-41,-97,-20,-62,-41,-38,-62,-51,-72,-64,-38,-106,-75,-79,-68,-66,-19,-100,-104,-108,-112,-116,-112,-95,-54,-53,-53,-53,-50,-58,-50,-99,-101,-112,-119,-152,-158,-137,-154,-189,-178,-166,-147,-147,-147,-163,-147,-143,-141,-251,-251,-252,-222,-287,-287,-287,-287,-259,-286,-283,-217,-598,-598,-600,-591,-790,-23,-24,-8,-8,-8,-8,-8,-8,-8,-8,-8,-158,-8,-8,-8,-8,-8,-8,-8,-8,-8,-8,-8,-8,-8,-8,-8,-8,-8,-8,-8,-8,-8,-8,-8,-8,-8,-8,0,0]} 1. d4 Nf6 2. Nf3 g6 3. c4 Bg7 4. g3 c5 5. Bg2 cxd4 6. Nxd4 Nc6 7. Nc3 O-O 8. O-O Qa5 9. e3 d6 {A39: Symmetrical English vs ...g6: 4 Bg2 Bg7 5 Nf3 Nf6 6 0-0 0-0 7 d4} 10. Qe2 (10. h3 Bd7 11. Qe2 Rfc8 12. Rd1 a6 13. Bd2 Qd8 14. Rac1 Rab8 15. Nxc6 Bxc6 16. e4 Nd7 17. Bg5 h6 18. Be3 {½-½ (41) Ding,L (2778)-Bacrot,E (2718) Liaocheng 2018}) 10... Bg4 11. f3 Bd7 {LiveBook: 3 Games} 12. Nb3 Qa6 $146 ({Predecessor:} 12... Qb4 13. Rd1 Ne5 14. Rd4 Nc6 15. Rd1 Rfc8 16. Bd2 Be6 17. Nd5 {½-½ (140) Matnadze,A (2353)-Perez Mitjans,O (2457) Bilbao 2015}) 13. c5 Qxe2 14. Nxe2 d5 15. Bd2 e5 16. Nc3 a5 17. a4 Be6 18. Nb5 Rfc8 (18... d4 $5 19. Ra3 dxe3 20. Bxe3 Nd5 $15) 19. Ra3 $1 Bf8 20. Rc1 Nd7 21. Bf1 {[#]} ({White should play} 21. Nd6 $15) 21... f6 (21... d4 $1 $17 {[%mdl 512]} 22. Nd6 (22. exd4 exd4) 22... Nxc5 $1 {[%mdl 512]} 23. Nxc5 Bxd6) 22. Nd6 Bxd6 $1 23. cxd6 b6 24. Bb5 Na7 25. Be2 Kf7 26. Raa1 (26. Rc7 $15) 26... d4 27. Bd1 dxe3 28. Bxe3 Nc6 29. Rc3 {[#]} (29. f4 $11 {remains equal.}) 29... Nb4 $1 $17 30. Bd2 Rxc3 31. Bxc3 Bd5 32. f4 h5 33. fxe5 fxe5 34. Nd2 Ke6 35. Be2 Rc8 36. Rd1 Na2 ({Reject} 36... Kxd6 $6 37. Ne4+ Kc7 38. Nf6 $11) 37. Nb1 Bb3 38. Rd2 Nc5 39. Bf1 g5 40. Re2 Nxc3 41. Nxc3 Kxd6 ({Don't take} 41... Bxa4 42. Nxa4 Nxa4 43. Rd2 $17) 42. Rd2+ Ke6 43. Be2 Nxa4 44. Bxh5 {Threatens to win with Bg4+.} Rc4 45. Nb5 (45. Nxa4 $17 Bxa4 46. Kg2) 45... Rc1+ $19 46. Kf2 {intending Bg4+.} Rc2 47. Bg4+ Ke7 48. Rxc2 Bxc2 {[%mdl 4096] Endgame KBN-KBN} 49. Ke3 Nxb2 50. Be2 Bb3 51. h4 $2 (51. Na3) 51... gxh4 52. gxh4 Bc4 53. h5 {If only White now had time for Bxc4....} Bxe2 $2 (53... Bxb5 $19 54. Bxb5 a4) 54. Kxe2 {KN-KN} Kf6 55. Ke3 a4 {...Nc4+ is the strong threat.} 56. Na3 $1 Nd1+ 57. Ke2 Nc3+ 58. Kd3 Nd5 59. Ke4 (59. h6 $1 $11) 59... Nf4 ({Better is} 59... Ke6 $17 {Hoping for ...Nf6+.} 60. h6 Nf6+ 61. Kd3 Kd5) 60. h6 $11 {The position is equal.} Ne6 {Strongly threatening ...Nc5+.} 61. Kd5 Ng5 {Threatening ...e4.} 62. Kc6 e4 {aiming for ...e3.} 63. Nc2 $1 Ke5 64. Kxb6 Kf6 65. Kb5 Kg6 66. Kxa4 Kxh6 67. Kb4 Kh5 68. Kc3 Kg4 69. Kd2 Kf3 70. Ne1+ Kf2 {[#]} 71. Nd3+ $1 {[%mdl 512]} exd3 72. Kxd3 Ne4 73. Kxe4 {Precision: White = 47%, Black = 67%.} 1/2-1/2

[Event "RUS-ch Rapid Men 2018"]
[Site "Sochi"]
[Date "2018.10.05"]
[Round "4"]
[White "Tsoi, Dmitry"]
[Black "Shcherbakov, Ruslan"]
[Result "1/2-1/2"]
[WhiteElo "2429"]
[BlackElo "2516"]
[Annotator "RC"]
[PlyCount "156"]
[EventDate "2018.10.05"]
[EventType "swiss"]
[EventCountry "RUS"]
[SourceTitle "playchess.com"]
[Source "ChessBase"]
[SourceQuality "1"]
[TimeControl "900+10"]

1. c4 {[%emt 0:00:00]} b6 {[%emt 0:00:14]} 2. g3 {[%emt 0:00:00]} Bb7 {[%emt 0:00:02]} 3. Nf3 {[%emt 0:00:00]} g6 {[%emt 0:00:10]} 4. Bg2 {[%emt 0:00:00]} Bg7 {[%emt 0:00:01]} 5. Nc3 {[%emt 0:00:06]} Nf6 {[%emt 0:00:06]} 6. O-O {[%emt 0:00:05]} O-O {[%emt 0:00:02]} 7. d4 {[%emt 0:00:13]} Ne4 {[%emt 0:00:08]} 8. Nxe4 {[%emt 0:00:47]} Bxe4 {[%emt 0:00:02]} 9. Bg5 {[%emt 0:00:10]} h6 {[%emt 0:01:42]} 10. Be3 {[%emt 0:00:47]} d5 {[%emt 0:00:17]} 11. Qd2 {[%emt 0:00:16]} Kh7 {[%emt 0:00:17]} 12. Rac1 {[%emt 0:00:12]} Nc6 {[%emt 0:00:42]} 13. c5 {[%emt 0:00:47]} b5 {[%emt 0:01:06]} 14. Ne5 {[%emt 0:01:30]} Bxg2 {[%emt 0:00:38]} 15. Nxc6 {[%emt 0:01:29]} Qe8 {[%emt 0:00:05]} 16. Kxg2 {[%emt 0:00:40]} Qxc6 {[%emt 0:00:02]} 17. f4 {[%emt 0:02:32]} f5 {[%emt 0:00:09]} 18. h4 {[%emt 0:00:08]} Rf6 {[%emt 0:00:08]} 19. h5 {[%emt 0:01:17]} Re6 {[%emt 0:01:49]} 20. hxg6+ {[%emt 0:00:26]} Kxg6 {[%emt 0:00:02]} 21. Rh1 {[%emt 0:00:08]} h5 {[%emt 0:05:00]} 22. Qd3 {[%emt 0:00:45]} Rh8 {[%emt 0:00:23]} 23. Bf2 {[%emt 0:00:27]} Rf6 {[%emt 0:00:55]} 24. e3 {[%emt 0:00:27]} a6 {[%emt 0:00:10]} 25. Rh4 {[%emt 0:00:20]} Qe6 {[%emt 0:00:30]} 26. c6 {[%emt 0:00:46]} Qe4+ {[%emt 0:00:26]} 27. Qxe4 {[%emt 0:00:01]} dxe4 {[%emt 0:00:01]} 28. Be1 {[%emt 0:00:18]} Rd8 {[%emt 0:01:01]} 29. Bb4 {[%emt 0:00:03]} Rf7 {[%emt 0:00:37]} 30. Rh2 {[%emt 0:00:42]} e6 {[%emt 0:00:09]} 31. Kh3 {[%emt 0:00:04]} Rd5 {[%emt 0:00:48]} 32. Rhc2 {[%emt 0:00:13]} Bf6 {[%emt 0:00:07]} 33. Rc5 {[%emt 0:00:49]} Rd8 {[%emt 0:00:17]} 34. a3 {[%emt 0:00:07]} Rh7 {[%emt 0:00:16]} 35. Rg1 {[%emt 0:00:22]} Kf7 {[%emt 0:00:05]} 36. Rc2 {[%emt 0:00:23]} Rg8 {[%emt 0:00:05]} 37. Rcg2 {[%emt 0:01:44]} Rg4 {[%emt 0:00:04]} 38. Be1 {[%emt 0:00:01]} Be7 {[%emt 0:01:14]} 39. Kh2 {[%emt 0:00:16]} h4 {[%emt 0:00:28]} 40. gxh4 {[%emt 0:00:05]} Bxh4 {[%emt 0:00:03]} 41. Rxg4 {[%emt 0:00:03]} Bxe1+ {[%emt 0:00:06]} 42. Kg2 {[%emt 0:00:01]} fxg4 {[%emt 0:00:02]} 43. Rxe1 {[%emt 0:00:01]} Rh3 {[%emt 0:00:05]} 44. Rh1 {[%emt 0:00:40]} Rxe3 {[%emt 0:00:22]} 45. Rh7+ {[%emt 0:00:01]} Kf6 {[%emt 0:00:08]} 46. Rxc7 {[%emt 0:00:04]} Rb3 {[%emt 0:00:07]} 47. Rh7 {[%emt 0:01:41]} Rxb2+ {[%emt 0:00:06]} 48. Kg3 {[%emt 0:00:00]} Rc2 {[%emt 0:00:04]} 49. c7 {[%emt 0:00:27]} e3 {[%emt 0:00:04]} 50. Rh6+ {[%emt 0:00:43]} Ke7 {[%emt 0:00:39]} 51. Kxg4 {[%emt 0:00:01]} e2 {[%emt 0:00:06]} 52. Rh1 {[%emt 0:00:12]} Rxc7 {[%emt 0:00:06]} 53. Re1 {[%emt 0:00:15]} Rc2 {[%emt 0:00:08]} 54. f5 {[%emt 0:00:09]} Kf6 {[%emt 0:00:09]} 55. fxe6 {[%emt 0:00:12]} Kxe6 {[%emt 0:00:09]} 56. Kf3 {[%emt 0:00:10]} Rc3+ {[%emt 0:00:09]} 57. Ke4 {[%emt 0:00:04]} Rxa3 {[%emt 0:00:06]} 58. Rxe2 {[%emt 0:00:01]} Ra1 {[%emt 0:00:28]} 59. Rh2 {[%emt 0:00:09]} Re1+ {[%emt 0:00:04]} 60. Kd3 {[%emt 0:00:00]} Kd5 {[%emt 0:00:03]} 61. Rh5+ {[%emt 0:00:05]} Kd6 {[%emt 0:00:05]} 62. Rh6+ {[%emt 0:00:08]} Re6 {[%emt 0:00:02]} 63. Rh1 {[%emt 0:00:23]} Rg6 {[%emt 0:00:20]} 64. Ke4 {[%emt 0:00:22]} a5 {[%emt 0:00:33]} 65. Ra1 {[%emt 0:00:18]} a4 {[%emt 0:00:06]} 66. Rb1 {[%emt 0:00:01]} Kc6 {[%emt 0:00:07]} 67. Rc1+ {[%emt 0:00:19]} Kb6 {[%emt 0:00:03]} 68. d5 {[%emt 0:00:01]} a3 {[%emt 0:00:11]} 69. Kd3 {[%emt 0:00:12]} Rg3+ {[%emt 0:00:19]} 70. Kc2 {[%emt 0:00:03]} Kc5 {[%emt 0:00:14]} 71. Rd1 {[%emt 0:00:04]} Kd6 {[%emt 0:00:06]} 72. Rd4 {[%emt 0:00:09]} Kc5 {[%emt 0:00:21]} 73. Rd1 {[%emt 0:00:01]} Kd6 {[%emt 0:00:17]} 74. Rd4 {[%emt 0:00:02]} Rh3 {[%emt 0:00:07]} 75. Kb1 {[%emt 0:00:25]} Rh2 {[%emt 0:00:16]} 76. Ka1 {[%emt 0:00:03]} Rb2 {[%emt 0:00:12]} 77. Rd3 {[%emt 0:00:16]} b4 {[%emt 0:00:31]} 78. Rxa3 {[%emt 0:00:02]} bxa3 {[%emt 0:00:03]} 1/2-1/2

[Event "RUS-ch Rapid Men 2018"]
[Site "Sochi"]
[Date "2018.10.05"]
[Round "4"]
[White "Vastrukhin, Oleg"]
[Black "Jary, Sergey"]
[Result "0-1"]
[WhiteElo "2413"]
[BlackElo "2286"]
[Annotator "RC"]
[PlyCount "72"]
[EventDate "2018.10.05"]
[EventType "swiss"]
[EventCountry "RUS"]
[SourceTitle "playchess.com"]
[Source "ChessBase"]
[SourceQuality "1"]
[TimeControl "900+10"]

1. g3 {[%emt 0:00:00]} d5 {[%emt 0:00:00]} 2. Nf3 {[%emt 0:00:00]} g6 {[%emt 0:00:00]} 3. Bg2 {[%emt 0:00:00]} Bg7 {[%emt 0:00:00]} 4. d4 {[%emt 0:00:00]} Nf6 {[%emt 0:00:01]} 5. O-O {[%emt 0:00:02]} O-O {[%emt 0:00:00]} 6. Nbd2 {[%emt 0:00:01]} Ne4 {[%emt 0:00:12]} 7. e3 {[%emt 0:00:22]} f5 {[%emt 0:00:07]} 8. c4 {[%emt 0:00:34]} c6 {[%emt 0:00:12]} 9. Qb3 {[%emt 0:00:38]} Qb6 {[%emt 0:00:13]} 10. Ne1 {[%emt 0:00:53]} Qxb3 {[%emt 0:00:32]} 11. axb3 {[%emt 0:00:02]} e5 {[%emt 0:00:05]} 12. dxe5 {[%emt 0:01:24]} Bxe5 {[%emt 0:00:01]} 13. Nd3 {[%emt 0:00:24]} Bg7 {[%emt 0:00:47]} 14. cxd5 {[%emt 0:00:11]} cxd5 {[%emt 0:00:01]} 15. Nf4 {[%emt 0:00:03]} Rd8 {[%emt 0:00:09]} 16. Rd1 {[%emt 0:00:24]} Nc6 {[%emt 0:00:12]} 17. Nxe4 {[%emt 0:02:05]} dxe4 {[%emt 0:00:09]} 18. Rxd8+ {[%emt 0:00:01]} Nxd8 {[%emt 0:00:01]} 19. Bf1 {[%emt 0:00:28]} Nc6 {[%emt 0:01:11]} 20. Bc4+ {[%emt 0:02:35]} Kf8 {[%emt 0:00:18]} 21. h4 {[%emt 0:00:05]} Be5 {[%emt 0:00:11]} 22. Kf1 {[%emt 0:00:41]} Bd7 {[%emt 0:00:19]} 23. Ra2 {[%emt 0:01:15]} Nb4 {[%emt 0:00:37]} 24. Ra5 {[%emt 0:00:07]} Nc6 {[%emt 0:00:33]} 25. Rb5 {[%emt 0:01:15]} b6 {[%emt 0:00:37]} 26. Rd5 {[%emt 0:00:16]} Ke7 {[%emt 0:00:51]} 27. Bb5 {[%emt 0:00:35]} Bxf4 28. gxf4 {[%emt 0:00:13]} Rc8 {[%emt 0:00:20]} 29. Bd2 {[%emt 0:01:04]} a5 {[%emt 0:01:05]} 30. Kg2 {[%emt 0:01:27]} Be6 {[%emt 0:00:12]} 31. Bxc6 {[%emt 0:00:11]} Bxd5 {[%emt 0:00:04]} 32. Bxd5 {[%emt 0:00:02]} Rd8 {[%emt 0:00:01]} 33. Bxa5 {[%emt 0:00:37]} bxa5 {[%emt 0:00:08]} 34. Bc4 {[%emt 0:00:09]} Rd2 {[%emt 0:00:02]} 35. Bg8 {[%emt 0:00:02]} h6 {[%emt 0:00:01]} 36. b4 {[%emt 0:00:31]} a4 {[%emt 0:00:15]} 0-1